[Event "Chigorin Memorial 2016"]
[Site "St Petersburg RUS"]
[Date "2016.10.19"]
[Round "5.33"]
[White "Tran, Tuan Minh"]
[Black "Nazaretyan, Tigran"]
[Result "1-0"]
[WhiteTitle "IM"]
[WhiteElo "2468"]
[BlackElo "2308"]
[WhiteFideId "12401820"]
[BlackFideId "24162345"]
[EventDate "2016.10.15"]

1. d4 d5 2. c4 e6 3. Nc3 Be7 4. Bf4 Nf6 5. e3 O-O 6. Nf3 b6 7. cxd5 Nxd5 8. Nxd5
Qxd5 9. Bd3 c5 10. Qc2 Bb7 11. dxc5 Na6 12. O-O Nb4 13. Bxh7+ Kh8 14. Qa4 Bxc5
15. Bb1 Rfd8 16. Qb3 Qxb3 17. axb3 f6 18. Bg6 e5 19. Bg3 Rd6 20. Rfd1 Rad8 21.
Rxd6 Rxd6 22. h4 a5 23. h5 Kg8 24. Kh2 Kf8 25. Rc1 Ke7 26. Nh4 Rd2 27. f4 Nd3
28. Bxd3 Rxd3 29. fxe5 Rxb3 30. Nf5+ Kf8 31. e6 Rxb2 32. Rd1 Kg8 33. Rd8+ Kh7
34. e7 Bxe7 35. Nxe7 Bxg2 36. Bc7 Bf3+ 37. Kg3 Bxh5 38. Nd5 a4 39. Bxb6 Bf7 40.
Bd4 Rb5 41. Ne7 a3 42. Ra8 a2 43. Ra7 Bb3 44. Kf4 Be6 45. Ra6 Bc4 46. Ra4 Bb3
47. Ra3 Be6 48. Ra7 Rb1 49. Ke4 Rb5 50. Kd3 Rb3+ 51. Bc3 Rb6 52. Ra5 Kh6 53. e4
Rb1 54. Ra6 Bf7 55. Nd5 Rh1 56. Ra7 f5 57. Ne3 fxe4+ 58. Kxe4 Kg6 59. Ng4 Kh5
60. Ne5 Be6 61. Nd3 Bc4 62. Nf4+ Kh4 63. Bf6+ Kg3 64. Rxg7+ Kf2 65. Rg2+ Kf1 66.
Rc2 1-0

[Event "Chigorin Memorial 2016"]
[Site "St Petersburg RUS"]
[Date "2016.10.19"]
[Round "5.34"]
[White "Malakhov, Igor"]
[Black "Salemgareev, Tagir"]
[Result "1-0"]
[WhiteTitle "IM"]
[WhiteElo "2456"]
[BlackElo "2305"]
[WhiteFideId "4183088"]
[BlackFideId "24199052"]
[EventDate "2016.10.15"]

1. e4 c5 2. Nf3 d6 3. d4 cxd4 4. Nxd4 Nf6 5. Nc3 a6 6. f4 e5 7. Nf3 Nbd7 8. a4
Be7 9. Bc4 O-O 10. O-O Qc7 11. Qe2 exf4 12. Bxf4 Ne5 13. Bb3 Bg4 14. Kh1 Rac8
15. Rad1 Rfe8 16. h3 Be6 17. Nd4 Bc4 18. Bxc4 Nxc4 19. Bc1 Bd8 20. Nf5 Re6 21.
Rd4 Qc5 22. Qd1 Ba5 23. Nd5 Rce8 24. Nh6+ Kf8 25. Nxf6 gxf6 26. Nf5 Ne5 27. Qh5
Rc8 28. Qxh7 Ke8 29. Ng7+ Kd7 30. Nxe6 Kxe6 31. Qf5+ Ke7 32. Rd5 Qxc2 33. Qxf6+
Ke8 34. Rxe5+ Kd7 35. Qxf7+ Kc6 36. Qd5+ Kb6 37. Be3+ 1-0

[Event "Chigorin Memorial 2016"]
[Site "St Petersburg RUS"]
[Date "2016.10.19"]
[Round "5.35"]
[White "Musaev, Rasul"]
[Black "Tsydypov, Zhamsaran"]
[Result "0-1"]
[WhiteTitle "FM"]
[BlackTitle "IM"]
[WhiteElo "2312"]
[BlackElo "2451"]
[WhiteFideId "24146870"]
[BlackFideId "4108566"]
[EventDate "2016.10.15"]

1. e4 c6 2. d4 d5 3. Nc3 dxe4 4. Nxe4 Nf6 5. Nxf6+ exf6 6. Be3 Bd6 7. Bd3 O-O 8.
Qh5 g6 9. Qf3 Be6 10. Ne2 Re8 11. Nf4 Bxf4 12. Qxf4 Nd7 13. h4 Nb6 14. b3 Nd5
15. Qh6 Qa5+ 16. Kf1 Bf5 17. Bxf5 Nxe3+ 18. fxe3 Qxf5+ 19. Kg1 Qxc2 20. Rf1 Re4
21. h5 Rg4 22. Rh2 Re8 23. hxg6 Qxg6 24. Rf3 f5 25. Kf2 Re6 26. Qh5 Rg5 27. Qh4
h6 28. Qf4 Re4 29. Qb8+ Kh7 30. Rf4 Rg4 31. g3 Qe6 32. Rf3 Rg8 33. Qxa7 f4 34.
gxf4 Qg4 35. Ke2 Rge8 36. Qxb7 Rxe3+ 37. Kd2 Rxf3 38. Qxf7+ Qg7 39. Qxe8 Qxd4+
40. Kc2 Qc3+ 41. Kd1 Rf1+ 42. Ke2 Re1+ 0-1

[Event "Chigorin Memorial 2016"]
[Site "St Petersburg RUS"]
[Date "2016.10.19"]
[Round "5.36"]
[White "Ibadov, Dashgyn"]
[Black "Kozionov, Kirill"]
[Result "0-1"]
[WhiteTitle "FM"]
[BlackTitle "IM"]
[WhiteElo "2294"]
[BlackElo "2439"]
[WhiteFideId "24107514"]
[BlackFideId "24101729"]
[EventDate "2016.10.15"]

1. d4 Nf6 2. Nf3 e6 3. g3 b5 4. Bg2 Bb7 5. O-O d5 6. a4 b4 7. Nbd2 Nbd7 8. c4
bxc3 9. bxc3 c5 10. c4 Rc8 11. Bb2 Be7 12. dxc5 Nxc5 13. Ne5 O-O 14. Qc2 Qa5 15.
Rfc1 Nce4 16. Nxe4 dxe4 17. Qb3 Ba8 18. Bd4 Rfd8 19. e3 Bd6 20. Qc3 Bb4 21. Qc2
Bc5 22. Qc3 Qxc3 23. Bxc3 Ne8 24. h4 Kf8 25. Rd1 Ke7 26. Ba5 Rxd1+ 27. Rxd1 Nd6
28. Bf1 f6 29. Ng4 Rb8 30. Bc3 e5 31. h5 Bc6 32. h6 g6 33. a5 Rb3 34. Be1 Nf7
35. Be2 f5 36. Nh2 Nxh6 37. Kg2 Nf7 38. Rc1 h5 39. Nf1 Rb2 40. Bd1 Ba3 41. Ra1
Bb4 42. Bxb4+ Rxb4 43. Nd2 Nd6 44. c5 Nc4 45. Nb3 Nb2 46. Bc2 Ba4 47. Ra2 Nd3
48. Nd2 Bxc2 49. Rxc2 Ne1+ 0-1

[Event "Chigorin Memorial 2016"]
[Site "St Petersburg RUS"]
[Date "2016.10.19"]
[Round "5.37"]
[White "Lobanov, Sergei"]
[Black "Fedotov, Nikita2"]
[Result "0-1"]
[WhiteElo "2432"]
[BlackElo "2302"]
[WhiteFideId "24183750"]
[BlackFideId "24161446"]
[EventDate "2016.10.15"]

1. e4 e6 2. d4 d5 3. Nc3 Nf6 4. e5 Nfd7 5. f4 c5 6. Nf3 Nc6 7. Be3 cxd4 8. Nxd4
Bc5 9. Qd2 O-O 10. O-O-O a6 11. Kb1 Nxd4 12. Bxd4 b5 13. h4 Qc7 14. h5 h6 15. g4
b4 16. Ne2 a5 17. Rg1 Be7 18. Ng3 a4 19. Nf5 Bc5 20. g5 exf5 21. gxh6 Bxd4 22.
Qxd4 b3 23. Bd3 Qc5 24. c3 Qxd4 25. cxd4 Nb6 26. hxg7 Rd8 27. h6 Kh7 28. Rg5 Nc4
29. Rdg1 Rg8 30. Bxc4 dxc4 31. d5 Ra5 32. Rd1 Bb7 33. d6 Rd5 34. Rxd5 Bxd5 35.
Rh5 bxa2+ 36. Ka1 a3 0-1

[Event "Chigorin Memorial 2016"]
[Site "St Petersburg RUS"]
[Date "2016.10.19"]
[Round "5.38"]
[White "Gusain, Himal"]
[Black "Dimitrova, Aleksandra"]
[Result "1-0"]
[BlackTitle "WFM"]
[WhiteElo "2428"]
[BlackElo "2269"]
[WhiteFideId "5033861"]
[BlackFideId "24173371"]
[EventDate "2016.10.15"]

1. e4 c5 2. Nf3 e6 3. d4 cxd4 4. Nxd4 a6 5. Be2 Nf6 6. Nc3 Bb4 7. Qd3 d6 8. O-O
O-O 9. a3 Bxc3 10. bxc3 e5 11. Nf5 Bxf5 12. exf5 Qc7 13. g4 Rc8 14. g5 Ne8 15.
Bf3 Nd7 16. Be3 Rab8 17. Bd5 Kf8 18. g6 hxg6 19. fxg6 Qxc3 20. Qf5 Ndf6 21. Bxf7
Qc6 22. Rab1 b5 23. Rb4 Nc7 24. Bh6 d5 25. Bd2 e4 26. Rxe4 Nxe4 27. Bb4+ Nc5 28.
Bxd5+ Qf6 29. Bxc5+ Ke8 30. Bc6+ 1-0

[Event "Chigorin Memorial 2016"]
[Site "St Petersburg RUS"]
[Date "2016.10.19"]
[Round "5.39"]
[White "Gogolev, Artem"]
[Black "Sarana, Alexey"]
[Result "0-1"]
[BlackTitle "IM"]
[WhiteElo "2287"]
[BlackElo "2427"]
[WhiteFideId "4116615"]
[BlackFideId "24133795"]
[EventDate "2016.10.15"]

1. Nf3 d5 2. c4 d4 3. e3 Nc6 4. exd4 Nxd4 5. Nxd4 Qxd4 6. Nc3 c6 7. d3 Nh6 8.
Be3 Qd6 9. c5 Qd8 10. d4 Nf5 11. Bc4 e6 12. O-O Be7 13. Qd2 O-O 14. Rfd1 b6 15.
Ne4 a5 16. Rac1 Ba6 17. Bxa6 Rxa6 18. cxb6 Qxb6 19. Nc5 Ra7 20. Qc2 Rc8 21. b3
Qb8 22. Qe4 Bd6 23. h3 Ne7 24. Rc4 Nd5 25. Rdc1 Bxc5 26. Rxc5 a4 27. Rxc6 Rxc6
28. Rxc6 axb3 29. axb3 Ra1+ 30. Rc1 Rxc1+ 31. Bxc1 Qxb3 32. Be3 h6 33. Kh2 Qb8+
34. g3 Qb5 35. Qc2 Qa6 36. Kg1 Qb7 37. Qe4 Qb3 38. Kg2 Qc4 39. Qg4 Kf8 40. Qe4
Qe2 41. Kg1 Qe1+ 42. Kg2 Qd1 43. Bf4 Kg8 44. Be5 Qd2 45. Kg1 Qc1+ 46. Kg2 Qb2
47. Kg1 Qa1+ 48. Kg2 Qa2 49. Kg1 Ne7 50. Qb7 Nd5 51. Qc6 Qb1+ 52. Kg2 Qe4+ 53.
Kg1 Kh7 54. h4 Qb1+ 55. Kg2 f6 56. Bf4 Nxf4+ 57. gxf4 Qg6+ 58. Kh3 Qd3+ 59. f3
Qxd4 60. Qc2+ f5 61. Kg3 Qg1+ 62. Kh3 Kg6 63. Qc6 Kh5 64. Qe8+ g6 65. Qe7 Qf2 0-1

[Event "Chigorin Memorial 2016"]
[Site "St Petersburg RUS"]
[Date "2016.10.19"]
[Round "5.40"]
[White "Lagashin, Pavel"]
[Black "Yanchenko, Roman"]
[Result "0-1"]
[BlackTitle "FM"]
[WhiteElo "2212"]
[BlackElo "2419"]
[WhiteFideId "24132144"]
[BlackFideId "4137329"]
[EventDate "2016.10.15"]

1. c4 Nf6 2. Nc3 d6 3. d4 g6 4. e4 Bg7 5. Be2 O-O 6. Bg5 h6 7. Be3 Nbd7 8. Qd2
Kh7 9. f3 e5 10. d5 Ng8 11. g4 Bf6 12. Nh3 Bh4+ 13. Kd1 a5 14. Kc2 Nc5 15. Nf2
b6 16. Nd3 Bd7 17. Nxc5 bxc5 18. a4 Qe7 19. Bd3 Kg7 20. Nb5 Rfc8 21. Rhg1 Bg5
22. Bxg5 Qxg5 23. Qxg5 hxg5 24. Rh1 Nf6 25. h4 gxh4 26. Rxh4 Nh7 27. Kd2 Ng5 28.
Ke3 Rh8 29. Rah1 Rxh4 30. Rxh4 Bxb5 31. axb5 Rh8 32. Rxh8 Kxh8 33. f4 exf4+ 34.
Kxf4 f6 35. e5 dxe5+ 36. Ke3 Nf7 37. Bxg6 Nd6 38. Kd3 Kg7 39. Bf5 a4 40. Kc3 e4
41. b4 axb3 42. Kxb3 Kh6 43. Kc3 Kg5 44. Bd7 Kf4 0-1

[Event "Chigorin Memorial 2016"]
[Site "St Petersburg RUS"]
[Date "2016.10.19"]
[Round "5.41"]
[White "Shurunov, Andrei"]
[Black "Sadovsky, Artem"]
[Result "0-1"]
[WhiteElo "2158"]
[BlackElo "2414"]
[WhiteFideId "4113209"]
[BlackFideId "4155840"]
[EventDate "2016.10.15"]

1. d4 g6 2. e4 Bg7 3. Nc3 c6 4. Nf3 d5 5. Be3 dxe4 6. Nxe4 Nd7 7. Qd2 Ngf6 8.
Nxf6+ Nxf6 9. Bd3 Ng4 10. c3 Nxe3 11. fxe3 O-O 12. O-O e5 13. Qc2 Qe7 14. Rad1
Be6 15. Kh1 a5 16. b3 Rad8 17. h3 exd4 18. exd4 c5 19. dxc5 Qxc5 20. c4 b6 21.
Be4 Bf6 22. a4 Kg7 23. Rfe1 Rxd1 24. Rxd1 Qe3 25. Re1 Qf4 26. Qf2 Qd6 27. Bc2
Rd8 28. Rd1 Qc7 29. Rxd8 Bxd8 30. Nd4 Bc8 31. Be4 Qc5 32. Qd2 Bg5 33. Qd3 Bf6
34. Nf3 h5 35. Kh2 Be6 36. Kh1 Qb4 37. Kh2 Qc3 38. Qxc3 Bxc3 39. Kg3 Kf6 40. Kf4
g5+ 41. Ke3 g4 42. hxg4 hxg4 43. Ng1 Ke5 44. Ne2 Bb4 45. Kd3 Bc5 46. Nc3 f5 47.
Bd5 Bd7 48. g3 f4 49. gxf4+ Kxf4 50. Ne2+ Ke5 51. Ng3 Bf2 52. Nf1 Bf5+ 53. Ke2
Bc5 54. Nd2 Bc2 55. Bc6 Kf4 56. Bd7 g3 57. Bc6 Bd4 58. c5 Bxc5 59. Bd5 Bd4 60.
Nf3 g2 61. Nxd4 g1=Q 62. Nxc2 Qc1 0-1

[Event "Chigorin Memorial 2016"]
[Site "St Petersburg RUS"]
[Date "2016.10.19"]
[Round "5.42"]
[White "Korchmar, Vasiliy"]
[Black "Lesovoi, Evgenij"]
[Result "1-0"]
[WhiteTitle "IM"]
[WhiteElo "2412"]
[BlackElo "2261"]
[WhiteFideId "24131750"]
[BlackFideId "24164135"]
[EventDate "2016.10.15"]

1. d4 Nf6 2. c4 e6 3. Nc3 c5 4. d5 exd5 5. cxd5 d6 6. Nf3 g6 7. Bf4 Nh5 8. Bg5
Be7 9. Bh6 Bf8 10. Bxf8 Kxf8 11. Nd2 Kg7 12. e3 Nd7 13. Be2 Nhf6 14. O-O Re8 15.
h3 a6 16. a4 b6 17. Qc2 Rb8 18. e4 Qc7 19. b3 Bb7 20. f4 c4 21. bxc4 b5 22. axb5
axb5 23. Nxb5 Qc5+ 24. Kh1 Bxd5 25. Nxd6 Re6 26. e5 Nxe5 27. fxe5 Rxe5 28. Bf3
Bxf3 29. Nxf3 Re6 30. Nb5 Rxb5 31. Nd4 Qxd4 32. cxb5 Ne4 33. Qc7 Rf6 34. Kh2 Nf2
35. Rab1 g5 36. b6 Rh6 37. Rxf2 Qxf2 38. Qc3+ 1-0

[Event "Chigorin Memorial 2016"]
[Site "St Petersburg RUS"]
[Date "2016.10.19"]
[Round "5.43"]
[White "Ivanov, Sergei V."]
[Black "Duzhakov, Ilya"]
[Result "0-1"]
[BlackTitle "FM"]
[WhiteElo "2093"]
[BlackElo "2411"]
[WhiteFideId "24170003"]
[BlackFideId "4192516"]
[EventDate "2016.10.15"]

1. Nf3 Nf6 2. g3 g6 3. Bg2 Bg7 4. O-O d5 5. d3 O-O 6. Nc3 d4 7. Ne4 Nxe4 8. dxe4
c5 9. Bd2 Qb6 10. Qc1 Rd8 11. c4 Bg4 12. Rb1 Nc6 13. Rd1 Qa6 14. Bh6 Bxf3 15.
Bxf3 Bxh6 16. Qxh6 Qxc4 17. Rbc1 Qb5 18. Qg5 e5 19. h4 Kg7 20. h5 h6 21. Qg4 Rd6
22. Bg2 b6 23. b3 Qa6 24. a4 Qc8 25. Qh4 g5 26. Qh1 Qe6 27. Rd3 Nb4 28. Rf3 d3
29. exd3 Nxd3 30. Rb1 Rad8 31. Bf1 f6 32. Re3 Nb4 33. Rc1 Nc6 34. Bc4 Rd1+ 35.
Re1 Rxc1 36. Rxc1 Qg4 37. Qg2 Rd2 38. Re1 Nd4 39. Kf1 Nc2 40. Be2 Nxe1 41. Bxg4
Nxg2 42. Kxg2 0-1

[Event "Chigorin Memorial 2016"]
[Site "St Petersburg RUS"]
[Date "2016.10.19"]
[Round "5.44"]
[White "Stolyarsky, Yegor"]
[Black "Drygalov, Sergey"]
[Result "0-1"]
[WhiteElo "1751"]
[BlackElo "2409"]
[WhiteFideId "2814595"]
[BlackFideId "24171743"]
[EventDate "2016.10.15"]

1. d4 Nf6 2. Nf3 g6 3. c4 Bg7 4. Nc3 d5 5. Bf4 c6 6. c5 O-O 7. e3 Nbd7 8. Be2
Nh5 9. Bg3 Nxg3 10. hxg3 b6 11. Qa4 Bb7 12. b4 a5 13. O-O bxc5 14. bxc5 Nxc5 15.
dxc5 Bxc3 16. Rab1 Ra7 17. Rb3 Bf6 18. Rfb1 Qc7 19. Rb6 e5 20. Bb5 Rc8 21. Qb3
Qe7 22. Ba4 Rc7 23. Qc2 Kg7 24. Nh2 Bc8 25. e4 Bd7 26. exd5 cxd5 27. Bxd7 Rxc5
28. Qa4 Rc4 29. Qb5 Qxd7 30. Nf1 Qxb5 31. R6xb5 d4 32. f4 exf4 33. gxf4 Rc2 34.
a3 a4 35. Ra1 Re7 36. Rd5 Ree2 37. g4 Rg2+ 38. Kh1 Rxg4 39. f5 d3 40. Re1 Rh4+
41. Kg1 Bd4+ 42. Ne3 d2 43. f6+ Kh6 0-1

[Event "Chigorin Memorial 2016"]
[Site "St Petersburg RUS"]
[Date "2016.10.19"]
[Round "5.45"]
[White "Pasiev, Rakhim"]
[Black "Zherebtsova, Alexandra"]
[Result "1-0"]
[WhiteTitle "IM"]
[BlackTitle "WFM"]
[WhiteElo "2406"]
[BlackElo "2139"]
[WhiteFideId "24122475"]
[BlackFideId "24129518"]
[EventDate "2016.10.15"]

1. Nf3 Nf6 2. g3 d5 3. Bg2 g6 4. O-O Bg7 5. d3 O-O 6. Nbd2 Re8 7. e4 dxe4 8.
dxe4 Nc6 9. Qe2 e5 10. c3 b6 11. Rd1 Qe7 12. b4 Bb7 13. a4 a6 14. a5 bxa5 15.
bxa5 Na7 16. h3 Nb5 17. Qe3 Rad8 18. Bb2 c5 19. Ne1 Bf8 20. Nd3 Nd7 21. Bf1 Qe6
22. Ne1 Nf6 23. Nd3 Qc6 24. Re1 Qc8 25. Rac1 Qc7 26. Red1 Rc8 27. Nc4 Nxe4 28.
Bg2 Ned6 29. Nb6 Nf5 30. Qe2 Rcd8 31. Bxb7 Qxb7 32. Nxe5 Bd6 33. Qf3 Qxf3 34.
Nxf3 Bf8 35. c4 Nbd4 36. Nxd4 Nxd4 37. Bxd4 Rxd4 38. Nd5 Rxd1+ 39. Rxd1 Rc8 40.
Rb1 Ra8 41. Rb6 Bg7 42. Nc7 Rc8 43. Nxa6 Bc3 44. Rb5 Ra8 45. Nxc5 Rxa5 46. Rxa5
Bxa5 47. g4 Kf8 48. Kg2 Ke7 49. Kf3 Kf6 50. Nd3 Bc3 51. Ke4 Ke6 52. Nf4+ Kd6 53.
Nd5 1-0

[Event "Chigorin Memorial 2016"]
[Site "St Petersburg RUS"]
[Date "2016.10.19"]
[Round "5.46"]
[White "Khanin, Semen"]
[Black "Pryalukhin, Danila"]
[Result "1/2-1/2"]
[WhiteTitle "IM"]
[WhiteElo "2397"]
[BlackElo "2019"]
[WhiteFideId "4111990"]
[BlackFideId "24176206"]
[EventDate "2016.10.15"]

1. e4 d5 2. exd5 Qxd5 3. Nc3 Qd6 4. d4 Nf6 5. Nf3 Bg4 6. h3 Bh5 7. g4 Bg6 8. Ne5
Nbd7 9. Nxg6 hxg6 10. Bg2 c6 11. O-O e6 12. Re1 Be7 13. Ne2 Qc7 14. c4 O-O 15.
Qb3 a5 16. Bf4 Qb6 17. Qc2 Rfe8 18. Rad1 Rac8 19. Ng3 Nh7 20. Ne4 Nhf6 21. Nc3
Bb4 22. a3 Bxc3 23. Qxc3 Qa6 24. b4 b5 25. c5 Nd5 26. Bxd5 axb4 27. axb4 exd5
28. Ra1 Qb7 29. Rxe8+ Rxe8 30. Qa3 Nf8 31. Be3 Qe7 32. Qa7 Qf6 33. Qc7 Qf3 34.
Ra7 Rxe3 35. fxe3 Qxe3+ 36. Kg2 Qe2+ 37. Kg3 Qe3+ 38. Kg2 Qe2+ 39. Kg3 Qe3+ 40.
Kg2 Qe2+ 1/2-1/2

[Event "Chigorin Memorial 2016"]
[Site "St Petersburg RUS"]
[Date "2016.10.19"]
[Round "5.47"]
[White "Iljiushenok, Ilia"]
[Black "Shchukin, Dmitry"]
[Result "1-0"]
[WhiteTitle "IM"]
[BlackTitle "IM"]
[WhiteElo "2505"]
[BlackElo "2300"]
[WhiteFideId "24105074"]
[BlackFideId "4121724"]
[EventDate "2016.10.15"]

1. e4 c5 2. Nf3 e6 3. b3 Nc6 4. Bb5 Nge7 5. Bb2 a6 6. Bxc6 Nxc6 7. O-O d6 8. d4
cxd4 9. Nxd4 Bd7 10. Nd2 Rc8 11. Nxc6 Bxc6 12. c4 h5 13. Qe2 h4 14. h3 Qg5 15.
f4 Qh5 16. Nf3 f6 17. Qd3 d5 18. exd5 exd5 19. Rfe1+ Kf7 20. Ng5+ fxg5 21. Qf5+
Kg8 22. Qxc8 gxf4 23. Re5 Qg6 24. Qf5 Qxf5 25. Rxf5 dxc4 26. Rd1 Be7 27. bxc4 f3
28. gxf3 Rh6 29. Kf2 Rg6 30. Rg1 Rxg1 31. Kxg1 g6 32. Rf4 Bg5 33. Rg4 Be3+ 34.
Kg2 g5 35. Bf6 Bd7 36. Re4 Bf4 37. Re7 Bc6 38. Bd4 Kf8 39. Bc5 Kg8 40. Bb4 Kh8
41. a4 Kg8 42. a5 Kh8 43. Kf2 Kg8 44. Ke2 Bc1 45. Bd6 Bb2 46. Be5 Kf8 47. Re6
Bc1 48. f4 Bd7 49. Rf6+ Ke7 50. fxg5 Bxg5 51. Rg6 Bc1 52. Bf6+ Kf8 53. Rg1 Ba3
54. Bxh4 Bb4 55. Be1 Bxe1 56. Rxe1 Bxh3 57. Kd3 Kf7 58. Kd4 Bg2 59. Kc5 Bc6 60.
Kb6 Bg2 61. Kc7 Kf6 62. c5 Bc6 63. Rb1 Ke5 64. Rxb7 Kd5 65. Rb1 Kxc5 66. Rc1+ 1-0

[Event "Chigorin Memorial 2016"]
[Site "St Petersburg RUS"]
[Date "2016.10.19"]
[Round "5.48"]
[White "Nasuta, Grzegorz"]
[Black "Li, Yankai"]
[Result "0-1"]
[WhiteTitle "IM"]
[WhiteElo "2454"]
[BlackElo "2298"]
[WhiteFideId "1141686"]
[BlackFideId "8609357"]
[EventDate "2016.10.15"]

1. e4 e5 2. Nf3 Nc6 3. Bc4 Bc5 4. O-O Nf6 5. d3 d6 6. c3 O-O 7. h3 a6 8. a4 Ba7
9. Re1 h6 10. Nbd2 Be6 11. b4 Ne7 12. Bxe6 fxe6 13. Qb3 Qd7 14. Ra2 Ng6 15. d4
Nh5 16. Qd1 Nhf4 17. Nf1 Qf7 18. Bxf4 Nxf4 19. Kh2 exd4 20. cxd4 e5 21. Rc2 exd4
22. Nxd4 d5 23. Ng3 dxe4 24. Ndf5 Nd3 25. Qg4 Kh8 26. Ree2 Bxf2 27. Rxf2 Nxf2
28. Rxf2 g6 29. Qxe4 gxf5 30. Rxf5 Qd7 31. Qxb7 Qd6 32. Rd5 Rfb8 33. Rxd6 Rxb7
34. Rxh6+ Kg8 35. Rc6 Rxb4 36. Rxc7 Rxa4 37. Nf5 Rf8 38. g4 Ra3 39. h4 Rb8 40.
Ne7+ Kf8 41. Ng6+ Kg8 42. Ne7+ Kf8 43. Ng6+ Ke8 44. Re7+ Kd8 45. Re2 Rab3 46. h5
Rb2 47. Rxb2 Rxb2+ 48. Kg3 a5 49. h6 Rb7 50. g5 Ke8 51. Ne5 a4 52. g6 Kf8 53. h7
Kg7 54. Nf7 Rb8 55. h8=Q+ Rxh8 56. Nxh8 Kxh8 0-1

[Event "Chigorin Memorial 2016"]
[Site "St Petersburg RUS"]
[Date "2016.10.19"]
[Round "5.49"]
[White "Kononenko, Dmitry2"]
[Black "Enkhnar, Enkhbaatar"]
[Result "0-1"]
[WhiteTitle "FM"]
[BlackTitle "FM"]
[WhiteElo "2315"]
[BlackElo "2451"]
[WhiteFideId "14113538"]
[BlackFideId "4900324"]
[EventDate "2016.10.15"]

1. e4 c5 2. Nf3 Nc6 3. d4 cxd4 4. Nxd4 e5 5. Nb5 a6 6. Nd6+ Bxd6 7. Qxd6 Qf6 8.
Qd3 Qg6 9. Be3 Nge7 10. Nc3 d5 11. exd5 Bf5 12. Qc4 b5 13. Qc5 Nd4 14. Bxd4 Rc8
15. Qb6 exd4 16. Qxd4 Bxc2 17. d6 Rd8 18. Nxb5 Nc6 19. Nc7+ Kd7 20. Qc3 Kxd6 21.
Nxa6 Rhe8+ 22. Be2 Qxg2 23. Rf1 Rxe2+ 24. Kxe2 Qg4+ 25. Kd2 Ke7+ 26. Kc1 Rd1+
27. Kxc2 Nd4+ 28. Qxd4 Rxd4 29. Rae1+ Kf8 30. Re3 Qc8+ 0-1

[Event "Chigorin Memorial 2016"]
[Site "St Petersburg RUS"]
[Date "2016.10.19"]
[Round "5.50"]
[White "Martynov, Roman"]
[Black "Venkatesh, M.R."]
[Result "1/2-1/2"]
[WhiteTitle "FM"]
[BlackTitle "GM"]
[WhiteElo "2307"]
[BlackElo "2444"]
[WhiteFideId "14132044"]
[BlackFideId "5005779"]
[EventDate "2016.10.15"]

1. d4 Nf6 2. c4 g6 3. Nf3 Bg7 4. g3 O-O 5. Bg2 d6 6. Nc3 Nc6 7. O-O a6 8. Qd3
Bd7 9. d5 Nb4 10. Qd1 a5 11. e4 e5 12. h3 Qe7 13. Be3 c6 14. Qe2 Rfc8 15. Rfc1
cxd5 16. cxd5 Na6 17. Nd2 Nc5 18. Rc2 Qe8 19. Nc4 Ra6 20. Na3 Bf8 21. Rac1 a4
22. Kh2 Raa8 23. Nc4 Qd8 24. Bg5 Ra6 25. Nd2 h6 26. Be3 Raa8 27. a3 Qe8 28. Na2
Bb5 29. Qf3 Nfd7 30. Nb4 Na6 31. Nxa6 Bxa6 32. h4 Rxc2 33. Rxc2 h5 34. Bh3 Be7
35. Nc4 Rd8 36. Qd1 Bb5 37. Qd2 Bxc4 38. Rxc4 Nc5 39. Rb4 Rb8 40. Bf1 b5 41. Qe2
Qc8 42. f3 Nb3 43. Rxb5 Rxb5 44. Qxb5 Qc2+ 45. Kh3 Qc8+ 46. Kg2 Qc2+ 47. Qe2 Qb1
48. Qf2 Na1 49. Kh2 Qd1 50. Bb5 Qb3 51. Be8 Nc2 52. Bh6 Nd4 53. Be3 Kf8 54. Bd7
Bf6 55. Bh3 Qd1 56. Bg2 Kg7 57. Kh3 Qb3 58. Bd2 Nc2 59. Bc1 Bd8 60. Qd2 Nd4 61.
Qb4 Qc2 62. Be3 Qc8+ 63. Kh2 Nc2 64. Qd2 1/2-1/2

[Event "Chigorin Memorial 2016"]
[Site "St Petersburg RUS"]
[Date "2016.10.19"]
[Round "5.51"]
[White "Lovkov, Roman"]
[Black "Iljin, Timofey"]
[Result "1/2-1/2"]
[WhiteTitle "IM"]
[BlackTitle "IM"]
[WhiteElo "2441"]
[BlackElo "2279"]
[WhiteFideId "4157389"]
[BlackFideId "14110180"]
[EventDate "2016.10.15"]

1. d4 d5 2. c4 e6 3. Nf3 Nf6 4. g3 dxc4 5. Bg2 Nc6 6. Qa4 Bb4+ 7. Bd2 Nd5 8.
Bxb4 Nxb4 9. O-O Rb8 10. Na3 O-O 11. Qb5 b6 12. Qxc4 Ba6 13. Nb5 Qd5 14. Qxd5
Nxd5 15. a4 Na5 16. Ne5 Rbd8 17. Nxa7 Nb4 18. Rac1 Bxe2 19. Rfe1 Ba6 20. Rxc7
Rxd4 21. Nb5 Rd2 22. Bh3 f5 23. Nf3 Rxb2 24. Rxe6 Nd5 25. Ra7 Bc8 26. Rd6 Nf6
27. Rxb6 Nc4 28. Rc6 Nd2 29. Nxd2 Rxd2 30. Rcc7 Bd7 31. Bf1 Re8 32. h3 f4 33. g4
h6 1/2-1/2

[Event "Chigorin Memorial 2016"]
[Site "St Petersburg RUS"]
[Date "2016.10.19"]
[Round "5.52"]
[White "Bao, Qilin"]
[Black "Usmanov, Vasily"]
[Result "1/2-1/2"]
[BlackTitle "IM"]
[WhiteElo "2301"]
[BlackElo "2431"]
[WhiteFideId "8605750"]
[BlackFideId "4135741"]
[EventDate "2016.10.15"]

1. Nf3 Nf6 2. c4 e6 3. g3 a6 4. Bg2 b5 5. b3 c5 6. O-O Bb7 7. Bb2 Be7 8. Nc3 Qb6
9. cxb5 axb5 10. d4 cxd4 11. Qxd4 Qxd4 12. Nxd4 Bxg2 13. Kxg2 b4 14. Na4 O-O 15.
Rfc1 Na6 16. Rc4 Ne8 17. Rac1 Nd6 18. R4c2 Rab8 19. Nf3 Rfc8 20. Be5 Rxc2 21.
Rxc2 Rd8 22. Bxd6 Bxd6 23. e4 Be7 24. Kf1 Kf8 25. Ke2 Ke8 26. Ne5 f6 27. Nd3 Rb8
28. Rc4 Kd8 29. Ndc5 Nxc5 30. Nxc5 Ra8 31. Na4 Ra5 32. g4 h5 33. h3 hxg4 34.
hxg4 Bd6 35. f3 Ke7 36. Kd3 Kd8 37. Rc2 Ra6 38. Kc4 Rc6+ 39. Kd3 Rxc2 40. Kxc2
Kc7 41. Kd3 Kc6 42. Nb2 Be5 43. Nd1 Kc5 44. Ne3 Bf4 45. Nc2 Bc1 46. Nd4 Bb2 47.
Nc2 Bc1 48. Nd4 Bb2 49. Nc2 d5 50. exd5 exd5 51. Ne3 g6 52. Nc2 Bc1 53. Nd4 Bb2
54. Nc2 Bc1 55. Nd4 Bb2 1/2-1/2

[Event "Chigorin Memorial 2016"]
[Site "St Petersburg RUS"]
[Date "2016.10.19"]
[Round "5.53"]
[White "Vlasenko, Miroslav"]
[Black "Ovchinnikov, Vsevolod"]
[Result "1-0"]
[WhiteTitle "IM"]
[BlackTitle "FM"]
[WhiteElo "2422"]
[BlackElo "2263"]
[WhiteFideId "4151887"]
[BlackFideId "24176842"]
[EventDate "2016.10.15"]

1. d4 Nf6 2. Nf3 g6 3. Nbd2 d5 4. e3 Bg7 5. b4 O-O 6. c4 b6 7. Bb2 Bb7 8. Be2
Nbd7 9. O-O c5 10. dxc5 bxc5 11. b5 a6 12. cxd5 Nxd5 13. Bxg7 Kxg7 14. Qb3 N5f6
15. Rfc1 e5 16. Qb2 Qe7 17. a4 e4 18. Ng5 Kg8 19. Qc2 a5 20. Nh3 Rfc8 21. Nf4
Ne5 22. Nc4 Nxc4 23. Bxc4 g5 24. Ne2 h5 25. Ng3 Qe5 26. Qc3 Re8 27. Bb3 h4 28.
Nf1 Nd7 29. Qxe5 Rxe5 30. Rd1 Nb6 31. Rd6 Bd5 32. Bxd5 Nxd5 33. Nd2 Nb4 34. Nc4
Re7 35. Nb6 Rb8 36. Nd7 Rb7 37. Nxc5 Rbc7 38. Nb3 Rc3 39. Nxa5 Rec7 40. b6 Rc1+
41. Rd1 Rxa1 42. Rxa1 Rc5 43. Nb3 Rc3 44. Nd4 Na6 45. h3 Kf8 46. Rb1 Ke8 47. Rb5
f6 48. Ra5 Nc5 49. Rxc5 1-0